Self-acceptance and emotional quotient of selected adult male cross-dressers in Las Piñas City / (Record no. 283735)
[ view plain ]
| 000 -LEADER | |
|---|---|
| fixed length control field | 00615nam a22001697a 4500 |
| 003 - CONTROL NUMBER IDENTIFIER | |
| control field | PILC |
| 005 - DATE AND TIME OF LATEST TRANSACTION | |
| control field | 20150306090358.0 |
| 008 - FIXED-LENGTH DATA ELEMENTS--GENERAL INFORMATION | |
| fixed length control field | 150305b xxu||||| |||| 00| 0 eng d |
| 050 ## - LIBRARY OF CONGRESS CALL NUMBER | |
| Classification number | BF 698.35.E54 |
| Item number | .Se474 2015 |
| 100 ## - MAIN ENTRY--PERSONAL NAME | |
| Personal name | Senados, Jerom R. |
| 245 ## - TITLE STATEMENT | |
| Title | Self-acceptance and emotional quotient of selected adult male cross-dressers in Las Piñas City / |
| Statement of responsibility, etc | Jerom R. Senados. |
| 260 ## - PUBLICATION, DISTRIBUTION, ETC. (IMPRINT) | |
| Place of publication, distribution, etc | Las Piñas City, Philippines : |
| Name of publisher, distributor, etc | Southville International School and Colleges, |
| Date of publication, distribution, etc | c2015. |
| 300 ## - PHYSICAL DESCRIPTION | |
| Extent | 64 pages : |
| Other physical details | illustrations ; |
| Dimensions | 28 cm. |
| 521 ## - TARGET AUDIENCE NOTE | |
| Target audience note | Psychology |
| 650 ## - SUBJECT ADDED ENTRY--TOPICAL TERM | |
| Topical term or geographic name as entry element | Personality and occupation. |
| 942 ## - ADDED ENTRY ELEMENTS (KOHA) | |
| Source of classification or shelving scheme | Library of Congress Classification |
| Koha item type | Theses |
| Withdrawn status | Lost status | Source of classification or shelving scheme | Damaged status | Home library | Current library | Shelving location | Date acquired | Source of acquisition | Sub Shelving location | Total Checkouts | Full call number | Barcode | Date last seen | Price effective from | Koha item type |
|---|---|---|---|---|---|---|---|---|---|---|---|---|---|---|---|
| Library of Congress Classification | College Library | College Library | Theses Section | 03/06/2015 | Library Fund | BF 698.35.E54 .Se474 2015 | T0729 | 05/15/2018 | 03/06/2015 | Theses |